<?xml version="1.0" encoding="UTF-8"?>
<record
    xmlns:xsi="http://www.w3.org/2001/XMLSchema-instance"
    xsi:schemaLocation="http://www.loc.gov/MARC21/slim http://www.loc.gov/standards/marcxml/schema/MARC21slim.xsd"
    xmlns="http://www.loc.gov/MARC21/slim">

  <leader>01013nam a22001697a 4500</leader>
  <controlfield tag="008">111220t        xxu||||| |||| 00| 0 eng d</controlfield>
  <datafield tag="020" ind1=" " ind2=" ">
    <subfield code="a">9780273694588</subfield>
  </datafield>
  <datafield tag="050" ind1=" " ind2=" ">
    <subfield code="a">HD30.25.W29</subfield>
  </datafield>
  <datafield tag="100" ind1=" " ind2=" ">
    <subfield code="a">Waters, Donald</subfield>
  </datafield>
  <datafield tag="245" ind1=" " ind2=" ">
    <subfield code="a">Quantitative methods for business /</subfield>
  </datafield>
  <datafield tag="250" ind1=" " ind2=" ">
    <subfield code="a">4th ed</subfield>
  </datafield>
  <datafield tag="260" ind1=" " ind2=" ">
    <subfield code="a">Harlow:</subfield>
    <subfield code="b">Prentice;</subfield>
    <subfield code="c">2008.</subfield>
  </datafield>
  <datafield tag="300" ind1=" " ind2=" ">
    <subfield code="a">xx, 623 p.:</subfield>
    <subfield code="b">ill.;</subfield>
    <subfield code="c">21cm.</subfield>
  </datafield>
  <datafield tag="500" ind1=" " ind2=" ">
    <subfield code="a">Includes index.</subfield>
  </datafield>
  <datafield tag="505" ind1=" " ind2=" ">
    <subfield code="a">Contents: Managers and numbers -- Quantitative tools -- Drawing graphs -- Collecting data -- Diagrams for presenting data -- Using numbers to describe data -- Describing changes with index numbers -- Finance and performance -- Regression and curve fitting -- Forecasting -- Simultaneous equations and matrices -- Planning with linear programming -- Rates change and calculus -- Uncertainty and probabilities -- Probability distributions -- Using samples -- Testing hypotheses -- Making decisions -- Quality management -- Inventory management -- Project networks -- Queues and simulation.</subfield>
  </datafield>
  <datafield tag="942" ind1=" " ind2=" ">
    <subfield code="2">lcc</subfield>
    <subfield code="c">BK</subfield>
  </datafield>
  <datafield tag="999" ind1=" " ind2=" ">
    <subfield code="c">445</subfield>
    <subfield code="d">7945</subfield>
  </datafield>
  <datafield tag="952" ind1=" " ind2=" ">
    <subfield code="0">0</subfield>
    <subfield code="1">0</subfield>
    <subfield code="2">lcc</subfield>
    <subfield code="4">0</subfield>
    <subfield code="7">0</subfield>
    <subfield code="a">WIUC-1</subfield>
    <subfield code="b">WIUC-1</subfield>
    <subfield code="c">GEN</subfield>
    <subfield code="d">2011-12-21</subfield>
    <subfield code="l">0</subfield>
    <subfield code="o">HD30.25.W29</subfield>
    <subfield code="p">1155/11</subfield>
    <subfield code="r">2011-12-21 00:00:00</subfield>
    <subfield code="t">1</subfield>
    <subfield code="w">2011-12-21</subfield>
    <subfield code="y">BK</subfield>
  </datafield>
  <datafield tag="952" ind1=" " ind2=" ">
    <subfield code="0">0</subfield>
    <subfield code="1">0</subfield>
    <subfield code="2">lcc</subfield>
    <subfield code="4">0</subfield>
    <subfield code="7">0</subfield>
    <subfield code="a">WIUC-1</subfield>
    <subfield code="b">WIUC-1</subfield>
    <subfield code="c">GEN</subfield>
    <subfield code="d">2011-12-21</subfield>
    <subfield code="l">0</subfield>
    <subfield code="o">HD30.25.W291</subfield>
    <subfield code="p">1156/11</subfield>
    <subfield code="r">2011-12-21 00:00:00</subfield>
    <subfield code="w">2011-12-21</subfield>
    <subfield code="y">BK</subfield>
  </datafield>
</record>
